Recent developments in fluvial sedimentology : contributions from the Third International Fluvial Sedimentology Conference /

Bibliographic Details
Corporate Author: International Fluvial Sedimentology Conference Colorado State University
Other Authors: Ethridge, Frank G., Flores, Romeo M., Harvey, Michael D.
Format: Conference Proceeding Book
Language:English
Published: Tulsa, Okla., U.S.A. : Society of Economic Paleontologists and Mineralogists, [1987]
Series:Special publication (Society of Economic Paleontologists and Mineralogists) ; no. 39.
Subjects:

MARC

Tag First Indicator Second Indicator Subfields
LEADER 00000cam a2200000 a 4500
001 in00000007729
005 20151002060024.0
008 870727s1987 okua b 10110 eng
010 |a  87160013  
020 |a 0918985676 
035 |a (OCoLC)15742544 
035 |9 AAA0057AM 
040 |a DLC  |c DLC  |d TXA  |d UtOrBLW 
050 0 0 |a QE471  |b .I575 1985 
111 2 |a International Fluvial Sedimentology Conference  |n (3rd :  |d 1985 :  |c Colorado State University) 
245 1 0 |a Recent developments in fluvial sedimentology :  |b contributions from the Third International Fluvial Sedimentology Conference /  |c edited by Frank G. Ethridge, Romeo M. Flores, and Michael D. Harvey ; index editor, Jean N. Weaver. 
264 1 |a Tulsa, Okla., U.S.A. :  |b Society of Economic Paleontologists and Mineralogists,  |c [1987] 
264 4 |c ©1987 
300 |a viii, 389 pages :  |b illustrations ;  |c 29 cm. 
336 |a text  |b txt  |2 rdacontent 
337 |a unmediated  |b n  |2 rdamedia 
338 |a volume  |b nc  |2 rdacarrier 
490 1 |a Special publication / Society of Economic Paleontologists and Mineralogists ;  |v no. 39 
500 |a "Conference hosted by Colorado State University in August 1985"--Pref. 
504 |a Includes bibliographies and index. 
650 0 |a Sedimentology  |v Congresses. 
650 0 |a River sediments  |x Congresses. 
700 1 |a Ethridge, Frank G. 
700 1 |a Flores, Romeo M. 
700 1 |a Harvey, Michael D. 
830 0 |a Special publication (Society of Economic Paleontologists and Mineralogists) ;  |v no. 39. 
999 |a MARS 
999 f f |s c5a0da02-ae3f-39c8-9b25-0b70e4348e65  |i 20018eff-7622-389c-bf58-3b0c7c74b490  |t 0 
952 f f |p ric  |a Texas A&M University  |b Rellis Campus  |c Joint Library Facility  |s JLF  |d Remote Storage  |t 0  |e QE471 .I575 1985  |h Library of Congress classification  |i unmediated -- volume  |m A14810895933 
998 f f |a QE471 .I575 1985  |t 0  |l Remote Storage